Genetic validity of RAPD markers at the intra-and interapecific level in wild Brassica species with n=9 (Record no. 59871)

MARC details
000 -LEADER
fixed length control field 00555nam a2200181Ia 4500
100 ## - MAIN ENTRY--AUTHOR NAME
Personal name Lanner C
245 #0 - TITLE STATEMENT
Title Genetic validity of RAPD markers at the intra-and interapecific level in wild Brassica species with n=9
260 ## - PUBLICATION, DISTRIBUTION, ETC. (IMPRINT)
Name of publisher Theoretical and Applied Genetics
Year of publication 1996
300 ## - PHYSICAL DESCRIPTION
Number of Pages 14-Sep
650 ## - SUBJECT ADDED ENTRY--TOPICAL TERM
Topical Term Co-dominant bands
650 ## - SUBJECT ADDED ENTRY--TOPICAL TERM
Topical Term Marker reliability
650 ## - SUBJECT ADDED ENTRY--TOPICAL TERM
Topical Term RAPD fragment sequence homology
650 ## - SUBJECT ADDED ENTRY--TOPICAL TERM
Topical Term RAPD markers
700 ## - ADDED ENTRY--PERSONAL NAME
Personal name Bryngelsson T
700 ## - ADDED ENTRY--PERSONAL NAME
Personal name Gustafsson M
942 ## - ADDED ENTRY ELEMENTS (KOHA)
Koha item type Journals
Holdings
Withdrawn status Lost status Damaged status Not for loan Home library Current library Shelving location Date acquired Serial Enumeration / chronology Koha item type
      Journals RRII Library RRII Library RAPD 17/12/2021 Volume 93, Issue 02-Jan Journals